Sto let průmyslu v Holýšově /

Jazyk: Čeština
Vydáno: Domažlice : Nakladatelství Českého lesa, 1997
Témata:
Fyzický popis: 29 s., [4] s. obrazových příloh : il. ; 21 cm
Knihy
Uloženo v:
LEADER 01194nam a2200337 a 4500
001 000205398
003 CZ BrMZK
005 20230613105536.0
008 960815s1997 xr e f 0 cze d
015 |a cnb000217452 
020 |a 80-901877-3-0 
035 |a (OCoLC)37963721 
040 |a BOA001  |b cze 
043 |a e-xr---  |b e-xr-pl  |2 czenas 
045 |a w9x9 
072 7 |a 338.3/.4  |x Hospodářská a výrobní odvětví  |2 Konspekt  |9 4 
080 |a 338.45(091)  |2 MRF 
080 |a (437.317)  |2 MRF 
080 |a (036)  |2 MRF 
245 0 0 |a Sto let průmyslu v Holýšově /  |c text: kolektiv autorů. 
246 3 3 |a 100 let průmyslu v Holýšově 
260 |a Domažlice :  |b Nakladatelství Českého lesa,  |c 1997 
300 |a 29 s., [4] s. obrazových příloh :  |b il. ;  |c 21 cm 
500 |a Bibliogr. 
648 7 |a 19.-20. století  |7 ch757015 
650 0 7 |a dějiny průmyslu  |7 ph488969  |z Česko  |y 19.-20. století  |2 czenas 
651 7 |a Holýšov (Plzeň-jih, Česko)  |7 ge129283  |2 czenas 
655 7 |a informační publikace  |7 fd132454  |2 czenas 
910 |a BOA001  |b X-1035.314 
990 |a BK 
996 7 |b 2610055794  |c X-1035.314  |l MZK  |r Sklad / do 24 hodin  |n 3  |p p.v.  |w 000205398  |u 000010  |a 1  |e BOA001  |j MZK50  |s A